| 000 | 00522nam a2200181Ia 4500 | ||
|---|---|---|---|
| 008 | 090124s9999 xx 000 0 und d | ||
| 082 | _b132969 | ||
| 100 | _aघारे दीपक | ||
| 245 | _a घाशीराम : एक वादळ | ||
| 250 | _a2 | ||
| 260 | _c2005 | ||
| 300 | _a177 | ||
| 600 | _aघारे दीपक | ||
| 630 | _a घाशीराम : एक वादळ | ||
| 700 | _aघारे दीपक | ||
| 730 | _a घाशीराम : एक वादळ | ||
| 942 | _cBOOK | ||
| 999 |
_c179185 _d179185 |
||